000 00195nam a22000857a 4500
008 161215b xxu||||| |||| 00| 0 eng d
100 _92078
_aNCERT
245 _aMathematics - VI
260 _bNCERT
_c2006
999 _c4955
_d4955